| 000 | 00661nam a2200205 a 4500 | ||
|---|---|---|---|
| 005 | 20250322063759.0 | ||
| 008 | 100519s2002 mx r 000 0 spa d | ||
| 020 | _a9683694306 | ||
| 035 | _aUPN01000175953 | ||
| 049 | _aCG | ||
| 050 | 4 |
_aLC191.8 M6 _bA3.7 |
|
| 245 | 0 | 4 |
_aLos actores educativos regionales y sus escenarios / _ccoord. Medardo Tapia Uribe. |
| 260 |
_aMéxico : _bUNAM, Centro Regional de Investigaciones Multidisciplinarias, _c2002. |
||
| 300 | _a329 p. | ||
| 440 | 0 | _aMultidisciplina | |
| 650 | 4 |
_aEducación y sociedad _96876 |
|
| 650 | 4 |
_aEducación _zMéxico _95405 |
|
| 700 | 1 |
_aTapia Uribe, F. Medardo _ecoord. _931447 |
|
| 905 | _aLibro | ||
| 999 |
_c148056 _d148056 |
||